A history of women's political thought in Europe, 1400-1700 /

Bibliographic Details
Main Author: Broad, Jacqueline
Corporate Author: ebrary, Inc
Other Authors: Green, Karen, 1951-
Format: eBook
Language:English
Published: Cambridge, UK ; New York : Cambridge University Press, 2009.
Subjects:
Online Access:Connect to the full text of this electronic book

MARC

Tag First Indicator Second Indicator Subfields
LEADER 00000cam a22000003a 4500
001 in00002754821
006 m |o d |
007 cr |n|||||||||
008 111026s2009 enk ob 001 0 eng d
005 20250816212710.2
020 |a 0511479395 (electronic bk.) 
020 |a 9780511479397 (electronic bk.) 
020 |z 9780521888172 (hardback : alk. paper) 
020 |z 0521888174 (hardback : alk. paper) 
035 |a (NhCcYBP)ebr10277533 
040 |a NhCcYBP  |c NhCcYBP  |d UtOrBLW 
043 |a e------ 
050 4 |a JA84.E9  |b B76 2009 
082 0 4 |a 320.082/094  |2 22 
100 1 |a Broad, Jacqueline. 
245 1 2 |a A history of women's political thought in Europe, 1400-1700 /  |c Jacqueline Broad and Karen Green. 
264 1 |a Cambridge, UK ;  |a New York :  |b Cambridge University Press,  |c 2009. 
300 |a 1 online resource. 
336 |a text  |b txt  |2 rdacontent 
337 |a computer  |b c  |2 rdamedia 
338 |a online resource  |b cr  |2 rdacarrier 
504 |a Includes bibliographical references (pages 293-326) and index. 
505 0 |a Christine de Pizan -- Women of the Italian renaissance -- From Anne de Beaujeu to Marguerite de Navarre -- Queen Elizabeth I of England -- From the Reformation to Marie le Jars de Gournay -- Women of the English civil war era -- Quaker women -- The Fronde and Madeleine de Scudéry -- Margaret Cavendish, Duchess of Newcastle -- Women of the Glorious Revolution -- Women of late seventeenth-century France -- Mary Astell. 
588 |a Description based on print version record. 
500 |a Electronic resource. 
650 0 |a Political science  |z Europe  |x History. 
650 0 |a Women  |x Political activity  |z Europe  |x History. 
650 0 |a Women  |z Europe  |x Attitudes  |x History. 
651 0 |a Europe  |x Politics and government. 
655 7 |a Electronic books.  |2 local 
700 1 |a Green, Karen,  |d 1951- 
710 2 |a ebrary, Inc. 
776 1 8 |c Original  |z 9780521888172  |z 0521888174  |w (DLC) 2008038190 
856 4 0 |u https://ebookcentral.proquest.com/lib/tamucs/detail.action?docID=412731  |y Connect to the full text of this electronic book  |t 0 
955 |a YBP purchased DDA e-records 
980 |b 125.00  |g 1 
999 f f |s 68c52c95-b8b7-3458-b9ce-aa0471194806  |i 7f973ae5-917c-303b-b5fb-53cbfa2a388e  |t 0 
999 |a MARS 
952 f f |a Texas A&M University  |b College Station  |c Electronic Resources  |d Available Online  |t 0  |e JA84.E9 B76 2009  |h Library of Congress classification 
998 f f |a JA84.E9 B76 2009  |t 0  |l Available Online